000 00326nam a22001337a 4500
008 171226b xxu||||| |||| 00| 0 eng d
020 _a9780070129450
041 _aeng
080 _a338
100 _a53
101 _aMEN
245 _aCFO MOVING FROM FINANCIAL MANGEMENT TO STRATEGIES
_cWALTER,TH
942 _2udc
_cBK
999 _c39423
_d39423